000 00341nam a2200145Ia 4500
005 20251222141952.0
008 251222s9999||||xx |||||||||||||| ||spa||
020 _a9788496627314
082 _a658.405.2/C24
100 _aCamp, Jim
245 0 _aDiga No para Obtener un Sí:
250 _a1ra.ed.
264 _bEmpresa Activa
942 _cLIB
999 _c9734
_d9734